01199nam a2200313 i 450000100060000000300100000600500170001600700030003300800410003602000200007702000180009704000350011504100080015004300120015808200230017008400130019310000370020624501330024325000230037626400570039930000650045633600950052133700330061633800280064952100440067765000580072165000560077965000500083557512CO-BoRNBP20250707095338.0ta231128s2023 ck er ||0 ||spa | a9789586657907  a9789586657907 aCO-BoRNBPbspaerdacCO-BoRNBP0 hspa 0s-ck---04a322.4 bC24e222 aRES003501 aCelis Ospina, Juan Carloseautor10aEstallido social 2021bexpresiones de vida y resistencias cautor y coordinador Juan Carlos Celis Ospina … [y otros dieciocho] aEdición especial 1aBogotá, ColombiabSiglo del Hombre Editores c2023 a390 páginasbgráficos, cuadros en blanco y negro c22 cm aINSCRIPCION HISTORICA,PERSONALIDAD SOCIOCULTURAL DEL ESTALLIDO SOCIAL2021btxt2rdacontent asin mediaciónbn2rdamedia avolumenbnc2rdacarrier aRecomendado para un público adulto 17aMovimientos de protesta ySiglo XXIzColombia2ARMARC17aMovilización social ySiglo XXIzColombia2ARMARC17aParos cívicosySiglo XXI zColombia2ARMARC